<?xml version="1.0" encoding="UTF-8"?>
<record
    xmlns:xsi="http://www.w3.org/2001/XMLSchema-instance"
    xsi:schemaLocation="http://www.loc.gov/MARC21/slim http://www.loc.gov/standards/marcxml/schema/MARC21slim.xsd"
    xmlns="http://www.loc.gov/MARC21/slim">

  <leader>01561nam a2200325 a 4500</leader>
  <controlfield tag="001">00154</controlfield>
  <controlfield tag="003">DO-SdBNP</controlfield>
  <controlfield tag="005">20160426132023.0</controlfield>
  <controlfield tag="007">00154</controlfield>
  <controlfield tag="008">160406b    dr   20uu||| |||| 00| 0 spa d</controlfield>
  <datafield tag="040" ind1=" " ind2=" ">
    <subfield code="a">BPMSU</subfield>
    <subfield code="b">spa</subfield>
    <subfield code="c">BPMSU</subfield>
  </datafield>
  <datafield tag="092" ind1=" " ind2=" ">
    <subfield code="a">373.7</subfield>
    <subfield code="b">P349m    3ro.   [20--?]</subfield>
  </datafield>
  <datafield tag="100" ind1="1" ind2=" ">
    <subfield code="a">Pe&#xF1;a Geraldino, Rafael </subfield>
  </datafield>
  <datafield tag="245" ind1="1" ind2="0">
    <subfield code="a">Matem&#xE1;tica 3 :</subfield>
    <subfield code="b">educaci&#xF3;n media  /</subfield>
    <subfield code="c"> Rafael Pe&#xF1;a Geraldino</subfield>
  </datafield>
  <datafield tag="250" ind1=" " ind2=" ">
    <subfield code="a">3a ed.</subfield>
  </datafield>
  <datafield tag="260" ind1=" " ind2=" ">
    <subfield code="a">Santo Domingo :</subfield>
    <subfield code="b">Secretar&#xED;a de Estado de Educaci&#xF3;n </subfield>
    <subfield code="c">[20--?]</subfield>
  </datafield>
  <datafield tag="300" ind1=" " ind2=" ">
    <subfield code="a">222 p. :</subfield>
    <subfield code="b">retrs. ;</subfield>
    <subfield code="c">28 cm.</subfield>
  </datafield>
  <datafield tag="500" ind1=" " ind2=" ">
    <subfield code="a">Gesti&#xF3;n educativa 2004-2008</subfield>
  </datafield>
  <datafield tag="505" ind1=" " ind2=" ">
    <subfield code="g">v. 3 : </subfield>
    <subfield code="t">Cap&#xED;tulo 1 : </subfield>
    <subfield code="t">Funciones --</subfield>
    <subfield code="t">Cap&#xED;tulo 2 : </subfield>
    <subfield code="t">Ecuaciones simult&#xE1;neas  -- </subfield>
    <subfield code="t">Cap&#xED;tulo 3 : </subfield>
    <subfield code="t">Ecuaciones  e inecuaciones --</subfield>
    <subfield code="t">Cap&#xED;tulo 4 : </subfield>
    <subfield code="t">Vectores -- </subfield>
    <subfield code="t">Ca&#xED;tulo 5 : </subfield>
    <subfield code="t">Matriz  y determinantes -- </subfield>
    <subfield code="t">Cap&#xED;tulo 6 : </subfield>
    <subfield code="t">Curvas c&#xF3;nicas -- </subfield>
    <subfield code="t">Cap&#xED;tulo 7 : </subfield>
    <subfield code="t">Inicio geometr&#xED;a -- </subfield>
    <subfield code="t">Cap&#xED;tulo 8 : </subfield>
    <subfield code="t">Introducci&#xF3;n del tema, funci&#xF3;n exponencial -- Fuci&#xF3;n logaritmica --</subfield>
    <subfield code="t">Cap&#xED;tulo 9 : </subfield>
    <subfield code="t">Unidades de medidas de los &#xE1;ngulos -- </subfield>
    <subfield code="t">Cap&#xED;tulo 10 : </subfield>
    <subfield code="t">S&#xF3;lidos geom&#xE9;tricos --</subfield>
  </datafield>
  <datafield tag="650" ind1=" " ind2="4">
    <subfield code="a">MATEM&#xC1;TICAS</subfield>
    <subfield code="x">ENSE&#xD1;ANZA SECUNDARIA</subfield>
  </datafield>
  <datafield tag="650" ind1=" " ind2="4">
    <subfield code="a">MATEM&#xC1;TICAS</subfield>
    <subfield code="x">EDUCACI&#xD3;N SECUNDARIA</subfield>
  </datafield>
  <datafield tag="650" ind1=" " ind2="4">
    <subfield code="a">MATEM&#xC1;TICAS</subfield>
    <subfield code="x">LIBROS DE TEXTOS</subfield>
  </datafield>
  <datafield tag="650" ind1=" " ind2="4">
    <subfield code="a">MATEM&#xC1;TICAS</subfield>
    <subfield code="x">ESTUDIOS Y EJERCICIOS</subfield>
  </datafield>
  <datafield tag="650" ind1=" " ind2="4">
    <subfield code="a">EDUCACI&#xD3;N SECUNDARIA</subfield>
    <subfield code="z">REP&#xDA;BLICA DOMINICANA</subfield>
  </datafield>
  <datafield tag="910" ind1=" " ind2=" ">
    <subfield code="a">Validado. Control de calidad MFF</subfield>
  </datafield>
  <datafield tag="942" ind1=" " ind2=" ">
    <subfield code="2">ddc</subfield>
    <subfield code="c">BK</subfield>
  </datafield>
  <datafield tag="952" ind1=" " ind2=" ">
    <subfield code="0">0</subfield>
    <subfield code="1">0</subfield>
    <subfield code="2">ddc</subfield>
    <subfield code="4">0</subfield>
    <subfield code="7">0</subfield>
    <subfield code="8">ESC</subfield>
    <subfield code="a">BPMET</subfield>
    <subfield code="b">BPMET</subfield>
    <subfield code="d">2016-04-07</subfield>
    <subfield code="e">Donaci&#xF3;n</subfield>
    <subfield code="l">0</subfield>
    <subfield code="o">373.7   P349m    3ro.   [200-?]</subfield>
    <subfield code="p">BPMSU16040182</subfield>
    <subfield code="r">2016-04-07</subfield>
    <subfield code="w">2016-04-07</subfield>
    <subfield code="y">BK</subfield>
  </datafield>
  <datafield tag="956" ind1=" " ind2=" ">
    <subfield code="a">BTAVAREZ</subfield>
    <subfield code="b">10</subfield>
    <subfield code="c">20100809</subfield>
    <subfield code="l">BND01</subfield>
    <subfield code="h">1053</subfield>
  </datafield>
  <datafield tag="956" ind1=" " ind2=" ">
    <subfield code="a">VMATEO</subfield>
    <subfield code="b">10</subfield>
    <subfield code="c">20150707</subfield>
    <subfield code="l">BPMSU</subfield>
    <subfield code="h">00151</subfield>
  </datafield>
  <datafield tag="956" ind1=" " ind2=" ">
    <subfield code="a">BTAV&#xC1;REZ</subfield>
    <subfield code="b">10</subfield>
    <subfield code="c">20160407</subfield>
    <subfield code="l">BPMSU</subfield>
    <subfield code="h">00154</subfield>
  </datafield>
  <datafield tag="999" ind1=" " ind2=" ">
    <subfield code="c">9605</subfield>
    <subfield code="d">9605</subfield>
  </datafield>
</record>
